00872nam a22002177a 4500003000500000005001700005008004100022010001000063011001000073035001000083040000900093100003000102245015100132260004100283300002200324502010100346650003400447700004300481710005500524710007500579CHAP20220329142145.0000119d mx r 00110 spa d a79335 a80307 a90756 cCHAP00aGarzón Solís, Gisela.10aEstructura y comportamiento del crédito en el estado de Puebla de 1988-1998c/por Gisela Garzón Solís y María Concepción Jiménez Rojas aChapingo, Méx. :bEl autor,c1999. a97 h. :bgráfs. aTesis (Lic. en Economía Agrícola) --UACH. División de Ciencias Económico Administrativas14aCrédito agrícolaxPuebla.0 aJiménez Rojas, María Concepción.0 aBanco Nacional de Crédito Rural, S. A. México.0 aFideicomisos Instituídos en Relación con la Agricultura. México.